000 00683cam a2200241 4500
008 090401t1996 xxu||||| |||| 00| 0 eng d
020 _a1872222579
035 _a(Sirsi) u41815
041 _aeng
050 _a624.08
100 _aAtkinson, Danny
245 4 _aThe new engineering contract: an independent view.
260 _aKnutsford
_bKnowles Publications
_c1996
300 _aiii, 183p. ; 21cm.
350 _a37.5
650 _aBUILT ENVIRONMENT-BUILDING CONTRACT FORMS
650 _aLATHAM REFORMS
650 _aNEW ENGINEERING CONTRACT
690 _aBUILT ENVIRONMENT-BUILDING CONTRACT FORMS
700 _aMcGoldrick, Tim
942 _n0
948 _c04/03/1997
999 _c90985
_d90985